Filmkurir. - 1.évf. (1946) 1.sz.

Elmentve itt :
Bibliográfiai részletek
Dokumentumtípus: Folyóirat
Megjelent: 1946
Sorozat:Filmkurir : a Magyar Filmipari Szövetség hivatalos lapja 1 No. 1
Online Access:http://misc.bibl.u-szeged.hu/48655
LEADER 00482nas a2200133 i 4500
001 misc48655
005 20200414114547.0
008 200414s1946 hu o 0|| zxx d
040 |a SZTE Miscellanea Repozitórium  |b hun 
041 |a zxx 
245 0 0 |a Filmkurir. - 1.évf. (1946) 1.sz.  |h [elektronikus dokumentum] 
260 |c 1946 
490 0 |a Filmkurir : a Magyar Filmipari Szövetség hivatalos lapja  |v 1 No. 1 
856 4 0 |u http://misc.bibl.u-szeged.hu/48655/1/filmkurir_1946_001.pdf  |z Dokumentum-elérés